Statistics for Building to Architect

Click here to take the quiz!

General Stats

  • This quiz has been taken 20 times
  • The average score is 5 of 16

Answer Stats

Answer% Correct
Le Corbusier
89%
Frank Lloyd Wright
83%
Sir Christopher Wren
67%
Dame Zaha Hadid
61%
Oscar Niemeyer
56%
Walter Gropius
56%
Tadao Ando
44%
Andrea Palladio
22%
Augustus Pugin/Sir Charles Barry
17%
Moshe Safdie
11%
Apollodorus of Damascus
0%
Carl Gotthard Langhams
0%
Dr Philip Cox
0%
Sedefkar Mehmed Agha Biçakçiu
0%
Senenmut
0%
Vladimir Shukhov
0%

Score Distribution

Percentile by Number Answered

Percent of People with Each Score

Your Score History

You have not taken this quiz